| 000 | 01045nam a22002897a 4500 | ||
|---|---|---|---|
| 003 | EG-ScBUE | ||
| 005 | 20220818101326.0 | ||
| 008 | 110512s2010 ua f b 00010 eeng d | ||
| 020 | _a9789774164323 | ||
| 040 |
_aEG-ScBUE _beng _erda _cEG-ScBUE _dEG-ScBUE |
||
| 082 | 0 | 4 |
_222 _a704.94897962025691 _bRAB |
| 100 | 1 |
_923789 _aRabbat, Nasser O., _eauthor. |
|
| 245 | 1 | 0 |
_aMamluk history through architecture : _bmonuments, culture and politics in medieval Egypt and Syria / _cNasser Rabbat |
| 264 | 1 |
_aCairo : _bThe American University in Cairo Press, _c2010. |
|
| 300 |
_axiv, 261 pages ; _c26 cm |
||
| 336 |
_2rdacontent _atext _btxt |
||
| 337 |
_2rdamedia _aunmediated _bn |
||
| 338 |
_2rdacarrier _avolume _bnc |
||
| 504 | _aIncludes bibliographical references and index. | ||
| 650 | 7 |
_923790 _aArchitecture, Mameluke _zEgypt. _2BUEsh |
|
| 650 | 7 |
_923791 _aArchitecture, Mameluke _zSyria. _2BUEsh |
|
| 650 | 7 |
_923668 _aMamelukes. _2BUEsh |
|
| 651 | _2BUEsh | ||
| 653 |
_cMay2011 _bENGARC |
||
| 655 |
_vReading book _934232 |
||
| 942 |
_2ddc _cBB |
||
| 999 |
_c15275 _d15275 |
||